[Event "Mittelfrank Regionalliga Sud-Ost 2223"]
[Site "Mittelfranken"]
[Date "2023.02.05"]
[Round "6.4"]
[White "Kampert, Andreas"]
[Black "Schubert, Josef"]
[Result "1/2-1/2"]
[WhiteElo "1998"]
[BlackElo "1989"]
[PlyCount "25"]
[EventDate "2022.10.09"]
[EventType "team-tourn"]
[EventRounds "9"]
[EventCountry "GER"]
[SourceTitle "EXT 2024"]
[Source "ChessBase"]
[SourceDate "2023.10.10"]
[SourceVersion "1"]
[SourceVersionDate "2023.10.10"]
[SourceQuality "1"]
[WhiteTeam "Ilmmuenster"]
[BlackTeam "Landshut"]
[WhiteTeamCountry "GER"]
[BlackTeamCountry "GER"]

1. e4 c5 2. Nc3 Nc6 3. Bb5 e6 4. Nf3 Nge7 5. 0-0 a6 6. Be2 d5 7. exd5 Nxd5 8. Nxd5 Qxd5 9. b3 Be7 10. Bb2 0-0 11. a3 e5 12. Re1 Bf6 13. Bd3 1/2-1/2

[Event "Regionalliga Sued-Ost 1819"]
[Site "Bayern"]
[Date "2018.12.16"]
[Round "4.5"]
[White "Zeindlmeier, Thomas"]
[Black "Kampert, Andreas"]
[Result "0-1"]
[WhiteElo "1911"]
[BlackElo "2037"]
[PlyCount "64"]
[EventDate "2018.10.21"]
[EventType "team-tourn"]
[EventRounds "9"]
[EventCountry "GER"]
[SourceTitle "EXT 2022"]
[Source "ChessBase"]
[SourceDate "2021.10.06"]
[SourceVersion "1"]
[SourceVersionDate "2021.10.06"]
[SourceQuality "1"]
[WhiteTeam "Ingolstadt"]
[BlackTeam "Ilmmuenster"]
[WhiteTeamCountry "GER"]
[BlackTeamCountry "GER"]

1. e4 c5 2. Nc3 d6 3. g3 b6 4. Bg2 Bb7 5. d3 Nd7 6. f4 e6 7. Nf3 Ngf6 8. 0-0 Be7 9. h3 d5 10. e5 Ng8 11. d4 Qc7 12. Be3 Qc6 13. Ne2 Ba6 14. c3 Qb5 15. Re1 Qxb2 16. Bd2 Qb5 17. f5 Qc6 18. fxe6 fxe6 19. Nf4 0-0-0 20. g4 g5 21. Nh5 h6 22. a4 Bc4 23. Kh2 Rf8 24. Qc2 Bd8 25. Be3 Ne7 26. Nd2 Ba6 27. c4 Qc7 28. Kg1 cxd4 29. Bxd4 Nc6 30. Bc3 d4 31. Bb2 Nc5 32. Ne4 Be7 0-1

[Event "Regionalliga Sued-Ost 1819"]
[Site "Bayern"]
[Date "2018.11.11"]
[Round "2.6"]
[White "Kampert, Andreas"]
[Black "Lang, Josef"]
[Result "1/2-1/2"]
[WhiteElo "2037"]
[BlackElo "2055"]
[PlyCount "37"]
[EventDate "2018.10.21"]
[EventType "team-tourn"]
[EventRounds "9"]
[EventCountry "GER"]
[SourceTitle "EXT 2022"]
[Source "ChessBase"]
[SourceDate "2021.10.06"]
[SourceVersion "1"]
[SourceVersionDate "2021.10.06"]
[SourceQuality "1"]
[WhiteTeam "Ilmmuenster"]
[BlackTeam "Passau II"]
[WhiteTeamCountry "GER"]
[BlackTeamCountry "GER"]

1. e4 d5 2. exd5 Qxd5 3. Nc3 Qa5 4. d4 Nf6 5. Bc4 c6 6. Nf3 Bg4 7. h3 Bh5 8. Bd2 e6 9. g4 Bg6 10. Bb3 Qc7 11. Qe2 Nbd7 12. Ne5 Nxe5 13. dxe5 Nd7 14. f4 Nc5 15. 0-0-0 0-0-0 16. Rhf1 Nxb3+ 17. axb3 h6 18. Be3 b6 19. Rxd8+ 1/2-1/2

[Event "Regionalliga Sued-Ost 1718"]
[Site "Bayern"]
[Date "2018.03.18"]
[Round "8.6"]
[White "Kampert, Andreas"]
[Black "Fehrmann, Gregor"]
[Result "1/2-1/2"]
[WhiteElo "2044"]
[BlackElo "1928"]
[PlyCount "71"]
[EventDate "2017.10.22"]
[EventType "team-tourn"]
[EventRounds "9"]
[EventCountry "GER"]
[SourceTitle "EXT 2022"]
[Source "ChessBase"]
[SourceDate "2021.10.06"]
[SourceVersion "1"]
[SourceVersionDate "2021.10.06"]
[SourceQuality "1"]
[WhiteTeam "Ilmmuenster"]
[BlackTeam "Bruckmuehl SK"]
[WhiteTeamCountry "GER"]
[BlackTeamCountry "GER"]

1. e4 c5 2. Nf3 d6 3. d4 cxd4 4. Nxd4 Nf6 5. Nc3 g6 6. Be3 Bg7 7. Be2 Bd7 8. 0-0 Nc6 9. h3 0-0 10. a4 Nxd4 11. Bxd4 Bc6 12. Bf3 Qa5 13. Qd3 Rfd8 14. Rfb1 Qc7 15. Qe3 Nd7 16. Bxg7 Kxg7 17. Be2 Nf6 18. Rd1 Qa5 19. Rab1 Qc5 20. Qd3 Qb4 21. Bf3 e5 22. b3 Rac8 23. Re1 Be8 24. Re3 Qd4 25. Rd1 Qxd3 26. Rdxd3 Kf8 27. g4 g5 28. Bd1 Ke7 29. Ne2 Bd7 30. Ng3 Be6 31. c4 a5 32. Re1 b6 33. Bf3 h6 34. Kg2 Rg8 35. Red1 Rcd8 36. Rh1 1/2-1/2

[Event "Regionalliga Sued-Ost 1718"]
[Site "Bayern"]
[Date "2018.02.25"]
[Round "7.6"]
[White "Feierlein, Robert"]
[Black "Kampert, Andreas"]
[Result "1/2-1/2"]
[WhiteElo "2059"]
[BlackElo "2044"]
[PlyCount "147"]
[EventDate "2017.10.22"]
[EventType "team-tourn"]
[EventRounds "9"]
[EventCountry "GER"]
[SourceTitle "EXT 2022"]
[Source "ChessBase"]
[SourceDate "2021.10.06"]
[SourceVersion "1"]
[SourceVersionDate "2021.10.06"]
[SourceQuality "1"]
[WhiteTeam "Groebenzell II"]
[BlackTeam "Ilmmuenster"]
[WhiteTeamCountry "GER"]
[BlackTeamCountry "GER"]

1. e4 c5 2. Nf3 d6 3. Bb5+ Bd7 4. Bxd7+ Qxd7 5. 0-0 Nc6 6. c3 Nf6 7. Re1 e6 8. d4 d5 9. exd5 Qxd5 10. Qa4 Qd7 11. dxc5 Bxc5 12. Rd1 Qc8 13. b4 Be7 14. b5 Nb8 15. Ba3 Nbd7 16. Bxe7 Kxe7 17. Nbd2 Rd8 18. Nb3 Kf8 19. Qb4+ Kg8 20. c4 Ne4 21. Rd4 Nef6 22. Rad1 Re8 23. h3 h6 24. a4 e5 25. Rd6 e4 26. Ne1 Ne5 27. c5 Qf5 28. Qd4 Rac8 29. Nd2 Ng6 30. c6 bxc6 31. bxc6 Nf4 32. Kh2 Qh5 33. Nf1 Ng4+ 34. Kh1 Qh4 35. Rd2 e3 36. Nf3 Nxf2+ 37. Kh2 Ng4+ 38. Kh1 Nf2+ 39. Kh2 Qe7 40. Rxf2 exf2 41. Qxf4 Qe1 42. N3d2 Qe5 43. Qxe5 Rxe5 44. Kg3 Rc5 45. Kxf2 R5xc6 46. Rd7 Ra6 47. Rd4 Rc2 48. Ke3 Ra2 49. Kd3 R2xa4 50. Rd8+ Kh7 51. Nc4 Rf6 52. Nfe3 Ra1 53. Ra8 Rf2 54. Kd4 h5 55. Kd5 f5 56. Ke5 Ra4 57. Rc8 g6 58. Nd5 Kg7 59. Rc7+ Kh6 60. h4 Ra6 61. Nf4 Rf1 62. g3 Re1+ 63. Kd5 g5 64. hxg5+ Kxg5 65. Rg7+ Kh6 66. Rf7 Kg5 67. Rg7+ Kh6 68. Rf7 Kg5 69. Rh7 Rh6 70. Rg7+ Kf6 71. Rxa7 h4 72. Ra6+ Kg7 73. Rxh6 Kxh6 74. gxh4 1/2-1/2

[Event "Regionalliga Sued-Ost 1718"]
[Site "Bayern"]
[Date "2018.01.21"]
[Round "5.5"]
[White "Kampert, Andreas"]
[Black "Lippert, Frank"]
[Result "1/2-1/2"]
[WhiteElo "2044"]
[BlackElo "2032"]
[PlyCount "192"]
[EventDate "2017.10.22"]
[EventType "team-tourn"]
[EventRounds "9"]
[EventCountry "GER"]
[SourceTitle "EXT 2022"]
[Source "ChessBase"]
[SourceDate "2021.10.06"]
[SourceVersion "1"]
[SourceVersionDate "2021.10.06"]
[SourceQuality "1"]
[WhiteTeam "Ilmmuenster"]
[BlackTeam "Graefelfing SK"]
[WhiteTeamCountry "GER"]
[BlackTeamCountry "GER"]

1. e4 e6 2. d4 d5 3. Nd2 c5 4. exd5 Qxd5 5. Ngf3 Nf6 6. Bc4 Qd8 7. 0-0 Nc6 8. Nb3 cxd4 9. Nbxd4 Nxd4 10. Nxd4 a6 11. Bb3 Bc5 12. c3 0-0 13. Bg5 h6 14. Bf4 Bxd4 15. cxd4 Bd7 16. Re1 Bc6 17. Be5 Nd7 18. Bf4 Qf6 19. Be3 Rfd8 20. Qg4 Nf8 21. Bc2 Rac8 22. Rac1 Bd5 23. a3 Rc6 24. Ba4 b5 25. Rxc6 Bxc6 26. Bc2 Rc8 27. Rc1 Bb7 28. a4 bxa4 29. Bxa4 Rxc1+ 30. Bxc1 h5 31. Qf4 Qxf4 32. Bxf4 f6 33. g3 Kf7 34. h4 Ng6 35. Bd2 Ne7 36. Bc2 Bc6 37. Kf1 Bb5+ 38. Ke1 Nc6 39. Bc3 Ne7 40. Kd2 g6 41. Bd1 Nf5 42. Bf3 Ke7 43. Be4 Kd7 44. d5 Ke7 45. Bb4+ Kd7 46. Bc3 Ke7 47. Kc2 Bc4 48. d6+ Kxd6 49. Bxf6 Kc5 50. Kc3 Bb5 51. Bc2 Kd5 52. Kd2 Bc4 53. Bd1 e5 54. Bf3+ e4 55. Bg2 Ke6 56. Bg5 Kd5 57. Bf4 Bb5 58. Kc3 a5 59. Kd2 Bc6 60. Bc7 a4 61. Bf4 Kc4 62. Bf1+ Kb3 63. Be5 Kb4 64. Be2 Bb5 65. Bd1 Bc4 66. Bc2 Bd5 67. Ke1 Bc6 68. Bf4 Kc4 69. Bd2 Kd4 70. Bg5 Kc4 71. Kd2 Kd4 72. Bd1 Bb5 73. g4 hxg4 74. Bxg4 Bd7 75. Be2 Bc6 76. Bf6+ Kd5 77. Kc3 Kc5 78. Bg5 Bb5 79. Bg4 Bd7 80. Bd1 Bc6 81. Bc2 Kd5 82. Bb1 Kc5 83. Ba2 Be8 84. Bg8 Kb5 85. Bd5 Nd6 86. Kd4 Bf7 87. Bxf7 Nxf7 88. Bf6 Kb4 89. Kxe4 Kb3 90. Kd5 Nh6 91. Ke4 Ng4 92. Bd4 Kc2 93. f4 Nh6 94. Bh8 Nf5 95. Bf6 Kb3 96. Kd3 Nd6 1/2-1/2

[Event "Regionalliga SO 1617"]
[Site "Bayern"]
[Date "2017.04.30"]
[Round "9.6"]
[White "Strangmueller, Andreas"]
[Black "Kampert, Andreas"]
[Result "1-0"]
[WhiteElo "1891"]
[BlackElo "2021"]
[PlyCount "43"]
[EventDate "2016.10.16"]
[EventType "team-tourn"]
[EventRounds "9"]
[EventCountry "GER"]
[SourceTitle "EXT 2019"]
[Source "ChessBase"]
[SourceDate "2018.10.10"]
[SourceVersion "1"]
[SourceVersionDate "2018.10.10"]
[SourceQuality "1"]
[WhiteTeam "Landshut"]
[BlackTeam "Ilmmuenster"]
[WhiteTeamCountry "GER"]
[BlackTeamCountry "GER"]

1. e4 c5 2. Nf3 d6 3. Bb5+ Bd7 4. Bxd7+ Qxd7 5. c4 Qg4 6. 0-0 Qxe4 7. d4 Qc6 8. dxc5 Qxc5 9. Na3 a6 10. Be3 Qc7 11. c5 dxc5 12. Rc1 e6 13. b4 b6 14. bxc5 bxc5 15. Qa4+ Nd7 16. Rfd1 Ngf6 17. Bf4 Qc8 18. Nc4 Nd5 19. Rxd5 exd5 20. Re1+ Be7 21. Nd6+ Kd8 22. Qa5+ 1-0

[Event "Regionalliga SO 1617"]
[Site "Bayern"]
[Date "2017.04.02"]
[Round "8.6"]
[White "Kampert, Andreas"]
[Black "Guggenberger, Guido"]
[Result "1-0"]
[WhiteElo "2021"]
[BlackElo "1935"]
[PlyCount "127"]
[EventDate "2016.10.16"]
[EventType "team-tourn"]
[EventRounds "9"]
[EventCountry "GER"]
[SourceTitle "EXT 2019"]
[Source "ChessBase"]
[SourceDate "2018.10.10"]
[SourceVersion "1"]
[SourceVersionDate "2018.10.10"]
[SourceQuality "1"]
[WhiteTeam "Ilmmuenster"]
[BlackTeam "Tegernsee"]
[WhiteTeamCountry "GER"]
[BlackTeamCountry "GER"]

1. e4 d5 2. exd5 Qxd5 3. Nc3 Qd8 4. Nf3 g6 5. Bc4 Nh6 6. d3 Nf5 7. 0-0 Bg7 8. Bf4 0-0 9. Be5 Nd6 10. Bxg7 Kxg7 11. Bb3 Nd7 12. d4 e6 13. Re1 c6 14. Qe2 b6 15. Rad1 Bb7 16. Ne4 Nxe4 17. Qxe4 Nf6 18. Qe5 Qb8 19. Ng5 h6 20. Nf3 Rd8 21. Qe2 Qf4 22. c3 Rac8 23. Qe3 Qxe3 24. fxe3 Ne4 25. Nd2 Nxd2 26. Rxd2 c5 27. e4 cxd4 28. cxd4 Rd6 29. Kf2 Rcd8 30. Ke3 R6d7 31. g4 g5 32. Red1 Kf6 33. Rc1 Ba6 34. Ba4 b5 35. Bd1 Rc8 36. Rxc8 Bxc8 37. Rc2 Bb7 38. Bf3 Ke7 39. Rc5 a6 40. Bd1 Kd8 41. b4 Rc7 42. a4 bxa4 43. Bxa4 Bc8 44. Kd3 Bd7 45. Bxd7 Kxd7 46. Kc4 Rb7 47. Kb3 f6 48. Ka4 Rb6 49. Kb3 Rd6 50. Kc4 Rb6 51. d5 exd5+ 52. exd5 f5 53. gxf5 Rf6 54. Ra5 h5 55. Kc5 g4 56. Ra2 Kc7 57. Re2 Rxf5 58. Re7+ Kd8 59. Rh7 Rg5 60. Kc6 g3 61. hxg3 Rxg3 62. Rxh5 Rg6+ 63. d6 Rg8 64. Rh7 1-0

[Event "Regionalliga SO 1617"]
[Site "Bayern"]
[Date "2017.02.05"]
[Round "5.6"]
[White "Epple, Ulrich"]
[Black "Kampert, Andreas"]
[Result "1-0"]
[WhiteElo "2017"]
[BlackElo "2021"]
[PlyCount "59"]
[EventDate "2016.10.16"]
[EventType "team-tourn"]
[EventRounds "9"]
[EventCountry "GER"]
[SourceTitle "EXT 2019"]
[Source "ChessBase"]
[SourceDate "2018.10.10"]
[SourceVersion "1"]
[SourceVersionDate "2018.10.10"]
[SourceQuality "1"]
[WhiteTeam "Starnberger See"]
[BlackTeam "Ilmmuenster"]
[WhiteTeamCountry "GER"]
[BlackTeamCountry "GER"]

1. e4 c5 2. Nf3 d6 3. d4 cxd4 4. Nxd4 Nf6 5. Nc3 a6 6. Be2 e6 7. Be3 Qc7 8. Qd2 b5 9. f3 Nbd7 10. 0-0-0 Nb6 11. Ndxb5 axb5 12. Nxb5 Qb8 13. Nxd6+ Bxd6 14. Qxd6 Qxd6 15. Rxd6 Nbd7 16. a3 Kd8 17. Rhd1 Kc7 18. Bb5 e5 19. g4 h6 20. h4 Nb8 21. R1d3 Ba6 22. Bb6+ Kb7 23. Rb3 Bxb5 24. Rxb5 Nfd7 25. Be3+ Kc7 26. Rd3 Re8 27. b4 Re6 28. Kb2 Nb6 29. Bxb6+ Rxb6 30. Rxe5 1-0

[Event "Regionalliga SO 1617"]
[Site "Bayern"]
[Date "2016.11.20"]
[Round "2.5"]
[White "Steinheimer, Juergen"]
[Black "Kampert, Andreas"]
[Result "1/2-1/2"]
[WhiteElo "2044"]
[BlackElo "2021"]
[PlyCount "98"]
[EventDate "2016.10.16"]
[EventType "team-tourn"]
[EventRounds "9"]
[EventCountry "GER"]
[SourceTitle "EXT 2019"]
[Source "ChessBase"]
[SourceDate "2018.10.10"]
[SourceVersion "1"]
[SourceVersionDate "2018.10.10"]
[SourceQuality "1"]
[WhiteTeam "Graefelfing"]
[BlackTeam "Ilmmuenster"]
[WhiteTeamCountry "GER"]
[BlackTeamCountry "GER"]

1. d4 Nf6 2. Bg5 g6 3. Bxf6 exf6 4. g3 Bg7 5. Bg2 0-0 6. e3 d5 7. Ne2 c6 8. Nd2 Be6 9. 0-0 Nd7 10. b3 Re8 11. c4 Nb6 12. Qc2 Bf8 13. c5 Nc8 14. b4 Ne7 15. a4 Bf5 16. Qb3 g5 17. b5 Qd7 18. Nc3 Be6 19. a5 Rab8 20. Rfb1 Qc7 21. Qa4 Bd7 22. b6 axb6 23. Rxb6 Ra8 24. Rab1 Ra7 25. Qb4 Rea8 26. Bf1 Bc8 27. Nb3 f5 28. f4 h5 29. a6 bxa6 30. Na5 h4 31. Qa4 hxg3 32. hxg3 Bd7 33. Qd1 gxf4 34. gxf4 Bg7 35. Qe1 Ng6 36. Ne2 Bf6 37. Rb7 Rxb7 38. Rxb7 Qc8 39. Qb4 Qe8 40. Qb3 Bd8 41. Rb6 Kh7 42. Bh3 Nh4 43. Kf2 Bc7 44. Ng3 Rb8 45. Qd1 f6 46. Rxb8 Bxb8 47. Qd3 Qc8 48. Qd1 Qe8 49. Qd3 Qc8 1/2-1/2

[Event "Regionalliga SO 1617"]
[Site "Bayern"]
[Date "2016.10.16"]
[Round "1.5"]
[White "Kampert, Andreas"]
[Black "Fehrmann, Gregor"]
[Result "1-0"]
[WhiteElo "2021"]
[BlackElo "1938"]
[PlyCount "110"]
[EventDate "2016.10.16"]
[EventType "team-tourn"]
[EventRounds "9"]
[EventCountry "GER"]
[SourceTitle "EXT 2019"]
[Source "ChessBase"]
[SourceDate "2018.10.10"]
[SourceVersion "1"]
[SourceVersionDate "2018.10.10"]
[SourceQuality "1"]
[WhiteTeam "Ilmmuenster"]
[BlackTeam "Bruckmuehl"]
[WhiteTeamCountry "GER"]
[BlackTeamCountry "GER"]

1. e4 c5 2. Nf3 d6 3. d4 cxd4 4. Nxd4 Nf6 5. Nc3 g6 6. f4 a6 7. Be2 Bg7 8. Bf3 Qc7 9. Be3 Bd7 10. 0-0 Bc6 11. Qe2 Nbd7 12. a4 0-0 13. g4 e5 14. Nxc6 bxc6 15. f5 gxf5 16. gxf5 d5 17. exd5 cxd5 18. Nxd5 Nxd5 19. Bxd5 Rac8 20. Rf2 Nf6 21. Bg2 Kh8 22. b4 Qc4 23. Bc5 Rxc5 24. bxc5 Qxc5 25. Rd1 Bh6 26. Kh1 Rg8 27. Rf3 Bf4 28. Bh3 Nd5 29. Re1 f6 30. Bg2 a5 31. Rb3 Nc3 32. Qa6 Nd5 33. Qf1 Qxc2 34. Rh3 Qc5 35. Qf3 Nb4 36. Rd1 Qe7 37. Qb7 Qxb7 38. Bxb7 Nc2 39. Rd7 Rg7 40. Rd8+ Rg8 41. Rd6 Be3 42. Bg2 Rb8 43. Be4 Bc5 44. Rxf6 Rb1+ 45. Kg2 Rg1+ 46. Kf3 Nd4+ 47. Ke3 Re1+ 48. Kd3 Ne2 49. Kc4 Bb4 50. Rf7 Rc1+ 51. Kb3 Nd4+ 52. Kb2 Re1 53. Rfxh7+ Kg8 54. Bd5+ Kf8 55. Rf7+ Kg8 1-0

[Event "Regionalliga SO 1516"]
[Site "Bayern"]
[Date "2016.01.31"]
[Round "6.5"]
[White "Lippert, Frank"]
[Black "Kampert, Andreas"]
[Result "1-0"]
[WhiteElo "2038"]
[BlackElo "2021"]
[PlyCount "113"]
[EventDate "2015.10.11"]
[EventType "team-tourn"]
[EventRounds "9"]
[EventCountry "GER"]
[SourceTitle "EXT 2018"]
[Source "ChessBase"]
[SourceDate "2017.10.13"]
[SourceVersion "1"]
[SourceVersionDate "2017.10.13"]
[SourceQuality "1"]
[WhiteTeam "Graefelfing"]
[BlackTeam "Ilmmuenster"]
[WhiteTeamCountry "GER"]
[BlackTeamCountry "GER"]

1. d4 Nf6 2. Nf3 g6 3. c4 Bg7 4. g3 0-0 5. Bg2 d5 6. 0-0 dxc4 7. Na3 c3 8. bxc3 c5 9. Nc4 Nc6 10. Nfe5 Nxe5 11. dxe5 Nd7 12. f4 Qc7 13. Qb3 Rb8 14. a4 b6 15. Rd1 a6 16. Be3 b5 17. axb5 axb5 18. Na5 Rb6 19. c4 b4 20. Qd3 Nb8 21. Nb3 Na6 22. Ra5 Bf5 23. Be4 Bxe4 24. Qxe4 Rc6 25. Rda1 Qc8 26. Rd1 Qc7 27. Qd5 Rc8 28. Qd7 Qb6 29. Rb5 Qc7 30. Qxc7 R6xc7 31. Ra1 Nb8 32. Ra8 Nd7 33. Rxc8+ Rxc8 34. Nxc5 Nxc5 35. Bxc5 f6 36. Bxe7 fxe5 37. fxe5 b3 38. Rxb3 Rxc4 39. Bd6 Re4 40. Kf2 Bxe5 41. Kf3 Rxe2 42. Kxe2 Bxd6 43. Kf3 Kf7 44. Rb7+ Be7 45. Ke4 Ke6 46. g4 h5 47. h3 hxg4 48. hxg4 g5 49. Rb6+ Bd6 50. Ra6 Ke7 51. Rxd6 Kxd6 52. Kf5 Ke7 53. Kxg5 Kf7 54. Kh6 Kg8 55. g5 Kh8 56. g6 Kg8 57. g7 1-0

[Event "Regionalliga SO 1415"]
[Site "Bayern"]
[Date "2014.11.23"]
[Round "3.5"]
[White "Kampert, Andreas"]
[Black "Zepke, Armin"]
[Result "1-0"]
[WhiteElo "2021"]
[BlackElo "2008"]
[PlyCount "77"]
[EventDate "2014.10.19"]
[EventType "team-tourn"]
[EventRounds "9"]
[EventCountry "GER"]
[SourceTitle "EXT 2018"]
[Source "ChessBase"]
[SourceDate "2017.10.13"]
[SourceVersion "1"]
[SourceVersionDate "2017.10.13"]
[SourceQuality "1"]
[WhiteTeam "Ilmmuenster"]
[BlackTeam "Bayerwald Regen/Zwiesel"]
[WhiteTeamCountry "GER"]
[BlackTeamCountry "GER"]

1. e4 c6 2. d4 d5 3. e5 Bf5 4. Be3 e6 5. Nd2 Nd7 6. Ngf3 Ne7 7. h3 Bg6 8. Nh4 c5 9. c3 Nc6 10. Nxg6 hxg6 11. Qb3 Qc7 12. Be2 cxd4 13. cxd4 Bb4 14. a3 Bxd2+ 15. Kxd2 Qa5+ 16. Kd1 Qb6 17. Qxb6 Nxb6 18. Bd3 Kd7 19. Ke2 a6 20. Rab1 Rac8 21. h4 Nc4 22. Rh3 Ke7 23. g4 b5 24. f4 b4 25. f5 gxf5 26. gxf5 bxa3 27. bxa3 N6a5 28. fxe6 Kxe6 29. Rf1 Nxe3 30. Kxe3 Nc4+ 31. Kf4 Rh5 32. Kg4 Rch8 33. Bf5+ Ke7 34. Rb1 Nxa3 35. Rxa3 Rxh4+ 36. Kg3 R4h6 37. Rb7+ Kf8 38. Rb8+ Ke7 39. Rab3 1-0

[Event "Regionalliga SO 0910"]
[Site "Bayern"]
[Date "2010.01.24"]
[Round "5.4"]
[White "Wist, Alexander"]
[Black "Kampert, Andreas"]
[Result "1/2-1/2"]
[WhiteElo "2074"]
[BlackElo "2062"]
[PlyCount "99"]
[EventDate "2009.10.18"]
[EventType "team-tourn"]
[EventRounds "9"]
[EventCountry "GER"]
[SourceTitle "EXT 2011"]
[Source "ChessBase"]
[SourceDate "2010.11.26"]
[SourceVersion "1"]
[SourceVersionDate "2010.11.26"]
[SourceQuality "1"]
[WhiteTeam "Landshut"]
[BlackTeam "Ilmmuenster"]
[WhiteTeamCountry "GER"]
[BlackTeamCountry "GER"]

1. e4 c5 2. Nf3 d6 3. d4 cxd4 4. Nxd4 Nf6 5. Nc3 a6 6. Be2 e6 7. 0-0 Qc7 8. Be3 b5 9. Bd3 Bb7 10. a3 d5 11. exd5 Nxd5 12. Nxd5 Bxd5 13. Qg4 Nd7 14. Rae1 h5 15. Qh4 Nc5 16. Bf4 Qb7 17. Qh3 Nxd3 18. cxd3 Be7 19. Rc1 Bd8 20. Rfe1 Kf8 21. Bd6+ Kg8 22. Bf4 Rc8 23. Rxc8 Qxc8 24. Rc1 Qd7 25. Nc2 f6 26. Nb4 Bb7 27. d4 g5 28. Be3 Rh7 29. f3 f5 30. Nd3 Bd5 31. Ne5 Qb7 32. Qg3 g4 33. f4 h4 34. Qf2 h3 35. g3 Rc7 36. Qd2 Rxc1+ 37. Qxc1 Bb6 38. Kf2 a5 39. b4 axb4 40. axb4 Bc7 41. Qc5 Bxe5 42. fxe5 Bc4 43. d5 Bxd5 44. Qd6 Qa8 45. Bb6 Bc4 46. Qd8+ Qxd8 47. Bxd8 Kf7 48. Ke3 Ke8 49. Bg5 Kf7 50. Bf4 1/2-1/2

[Event "Regionalliga SO 0910"]
[Site "Bayern"]
[Date "2009.11.29"]
[Round "3.5"]
[White "Kampert, Andreas"]
[Black "Moser, Wolfgang"]
[Result "1-0"]
[WhiteElo "2062"]
[BlackElo "2064"]
[PlyCount "75"]
[EventDate "2009.10.18"]
[EventType "team-tourn"]
[EventRounds "9"]
[EventCountry "GER"]
[SourceTitle "EXT 2011"]
[Source "ChessBase"]
[SourceDate "2010.11.26"]
[SourceVersion "1"]
[SourceVersionDate "2010.11.26"]
[SourceQuality "1"]
[WhiteTeam "Ilmmuenster"]
[BlackTeam "Trostberg"]
[WhiteTeamCountry "GER"]
[BlackTeamCountry "GER"]

1. e4 c5 2. Nf3 d6 3. d4 cxd4 4. Nxd4 Nf6 5. Nc3 e5 6. Nf3 a6 7. Bg5 Be7 8. Qd2 Be6 9. Rd1 Nbd7 10. Bd3 0-0 11. 0-0 Qc7 12. Rfe1 b5 13. a3 Nb6 14. Ne2 Rfd8 15. Ng3 g6 16. h4 Ng4 17. Bxe7 Qxe7 18. Qb4 Nc4 19. Bxc4 Bxc4 20. Nf1 Bxf1 21. Kxf1 Rac8 22. Re2 Rc6 23. Qd2 h6 24. g3 Rdc8 25. Qd3 Kg7 26. c3 Rf8 27. Kg2 Qa7 28. Ne1 f5 29. f3 fxe4 30. Qxe4 Rc4 31. Qd3 e4 32. Qd2 exf3+ 33. Nxf3 Rf6 34. Rde1 Rc7 35. Qd4 Qb7 36. Qxg4 Rcf7 37. Rf1 Qd5 38. Qe4 1-0

[Event "Regionalliga SO 0809"]
[Site "Bayern"]
[Date "2009.03.01"]
[Round "7.5"]
[White "Kampert, Andreas"]
[Black "Richter, Martin2"]
[Result "1/2-1/2"]
[WhiteElo "2057"]
[BlackElo "2093"]
[PlyCount "25"]
[EventDate "2008.10.05"]
[EventType "team-tourn"]
[EventRounds "9"]
[EventCountry "GER"]
[SourceTitle "EXT 2020"]
[Source "ChessBase"]
[SourceDate "2019.10.17"]
[SourceVersion "1"]
[SourceVersionDate "2019.10.17"]
[SourceQuality "1"]
[WhiteTeam "Ilmmuenster"]
[BlackTeam "Pang/Rosenheim II"]
[WhiteTeamCountry "GER"]
[BlackTeamCountry "GER"]

1. e4 e5 2. Nf3 Nc6 3. Bb5 a6 4. Ba4 Nf6 5. 0-0 b5 6. Bb3 Be7 7. Re1 d6 8. h3 Na5 9. c3 Nxb3 10. Qxb3 c5 11. d3 c4 12. dxc4 Be6 13. Nbd2 1/2-1/2

[Event "Regionalliga SO 0708"]
[Site "Bayern"]
[Date "2008.04.20"]
[Round "9.2"]
[White "Terzic, Safet"]
[Black "Kampert, Andreas"]
[Result "1-0"]
[WhiteElo "2201"]
[BlackElo "2057"]
[PlyCount "65"]
[EventDate "2007.10.21"]
[EventType "team-tourn"]
[EventRounds "9"]
[EventCountry "GER"]
[SourceTitle "EXT 2009"]
[Source "ChessBase"]
[SourceDate "2008.11.26"]
[SourceVersion "1"]
[SourceVersionDate "2008.11.26"]
[SourceQuality "1"]
[WhiteTeam "Starnberg"]
[BlackTeam "Ilmmuenster"]
[WhiteTeamCountry "GER"]
[BlackTeamCountry "GER"]

1. c4 Nf6 2. g3 g6 3. Bg2 Bg7 4. Nf3 0-0 5. 0-0 c5 6. Nc3 Nc6 7. d3 d6 8. Rb1 Bd7 9. a3 Qc8 10. Re1 Nd4 11. b4 Nxf3+ 12. Bxf3 Bc6 13. e4 b6 14. Nd5 Re8 15. Bg5 Qd7 16. Qd2 Nxd5 17. exd5 Bb7 18. h4 Bd4 19. Be3 Bf6 20. bxc5 dxc5 21. Bf4 h5 22. Bg2 Rad8 23. Be5 Bxe5 24. Rxe5 Qd6 25. Rbe1 Kg7 26. Qe3 Rd7 27. Bh3 Rc7 28. Be6 Rf8 29. Rxh5 gxh5 30. Qg5+ Kh8 31. Qxh5+ Kg7 32. Qg5+ Kh8 33. Re5 1-0

[Event "Regionalliga SO 0607"]
[Site "Bayern"]
[Date "2007.04.22"]
[Round "9.3"]
[White "Kampert, Andreas"]
[Black "Nurbekoglu, Michael"]
[Result "1/2-1/2"]
[WhiteElo "2079"]
[BlackElo "2045"]
[PlyCount "29"]
[EventDate "2006.10.15"]
[EventType "team-tourn"]
[EventRounds "9"]
[EventCountry "GER"]
[SourceTitle "EXT 2008"]
[Source "ChessBase"]
[SourceDate "2007.11.25"]
[SourceVersion "1"]
[SourceVersionDate "2007.11.25"]
[SourceQuality "1"]
[WhiteTeam "Ilmmuenster"]
[BlackTeam "Landshut"]
[WhiteTeamCountry "GER"]
[BlackTeamCountry "GER"]

1. e4 e6 2. d4 d5 3. Nd2 a6 4. Ngf3 c5 5. exd5 exd5 6. Bd3 Nf6 7. dxc5 Bxc5 8. 0-0 0-0 9. Nb3 Be7 10. h3 Nc6 11. Bf4 Ne4 12. c4 dxc4 13. Bxc4 Bf5 14. Qe2 Bf6 15. Rfd1 1/2-1/2